Hydraulics And Pneumatics (Record no. 351134)

MARC details
000 -LEADER
fixed length control field 00485nam a2200169Ia 4500
008 - FIXED-LENGTH DATA ELEMENTS--GENERAL INFORMATION
fixed length control field 230718s9999 xx 000 0 und d
020 ## - INTERNATIONAL STANDARD BOOK NUMBER
International Standard Book Number 9788172241896
041 ## - LANGUAGE CODE
Language code of text/sound track or separate title eng
082 ## - DEWEY DECIMAL CLASSIFICATION NUMBER
Classification number 621.51
Item number PAR
100 ## - MAIN ENTRY--PERSONAL NAME
Personal name Parr A.
9 (RLIN) 146065
245 ## - TITLE STATEMENT
Title Hydraulics And Pneumatics
Remainder of title A Technician's And Engineer's Guide
260 ## - PUBLICATION, DISTRIBUTION, ETC. (IMPRINT)
Date of publication, distribution, etc. 2005
Name of publisher, distributor, etc. Jaico Publishing House
300 ## - PHYSICAL DESCRIPTION
Extent 223
365 ## - TRADE PRICE
Currency code Rs.
Price amount 350.00
700 ## - ADDED ENTRY--PERSONAL NAME
Personal name Parr A.
9 (RLIN) 146065
906 ## - LOCAL DATA ELEMENT F, LDF (RLIN)
d O:0700210-Feb-2020B:581206-Feb-2020
c TI
b 875
Holdings
Withdrawn status Lost status Damaged status Not for loan Home library Current library Date acquired Vendor Budget Code Cost, normal purchase price Bill number Total Checkouts Full call number Barcode Date last seen Discount Cost, replacement price Bill Date Koha item type Original Barcode
        Cummins College of Engineering for Women Pune Cummins College of Engineering for Women Pune 10/02/2020 Om Book Stall TI 262.50 5812   621.51 CCEP-BK-62344 18/07/2023 875 350.00 06/02/2020 Books 062344